Подробности
| 000 -МАРКЕР |
| контрольное поле |
02354nam0a22003131 4500 |
| 001 - ИДЕНТИФИКАТОР ЗАПИСИ |
| контрольное поле |
v19\rc\2112515 |
| 005 - ИДЕНТИФИКАТОР ВЕРСИИ |
| контрольное поле |
20250414143033.0 |
| 035 ## - ДРУГИЕ СИСТЕМНЫЕ НОМЕРА |
| Идентификатор записи |
(NLR Aleph) 005182939 |
| 100 ## - ДАННЫЕ ОБЩЕЙ ОБРАБОТКИ |
| Данные общей обработки |
20090914d1811 |||y0rusy50 ca |
| 101 0# - ЯЗЫК РЕСУРСА |
| Язык текста, звукозаписи и т.д. |
русский |
| 102 ## - СТРАНА ПУБЛИКАЦИИ ИЛИ ПРОИЗВОДСТВА |
| Страна публикации |
Российская Федерация |
| 140 ## - ПОЛЕ КОДИРОВАННЫХ ДАННЫХ: СТАРОПЕЧАТНЫЕ ИЗДАНИЯ - ОБЩАЯ ИНФОРМАЦИЯ |
| Кодированные данные о старопечатном издании - Основные |
y y kb aayaa0000 |
| 200 1# - ЗАГЛАВИЕ И СВЕДЕНИЯ ОБ ОТВЕТСТВЕННОСТИ |
| Основное заглавие |
Новейший песенник, собранный из лучших ныне употребительных всякаго рода песен, как то: нежных, простонародных, веселых, сатирических, застольных, военных, темничных, святочных, свадебных, малороссийских, цыганских, театральных, пастушеских; |
| Сведения, относящиеся к заглавию |
с присовокуплением арий из 1. 2. 3. 4. части Русалки. |
| Первые сведения об ответственности |
Иждив. м. к. П. Ильина |
| 210 ## - ПУБЛИКАЦИЯ, РАСПРОСТРАНЕНИЕ И ДР. |
| Место издания, распространения и т.д. |
Москва |
| Имя издателя, распространителя и т. д. |
в Губернской типографии у А. Решетникова |
| Дата издания, распространения и т.д. |
1811 |
| 215 ## - ФИЗИЧЕСКАЯ ХАРАКТЕРИСТИКА |
| Специфическое обозначение материала и объем |
[2], X, 252 с. |
| Размеры |
12° (18 см) |
| 300 ## - ОБЩИЕ ПРИМЕЧАНИЯ |
| Текст примечания |
Ценз.: Моск. ун-та ценз. ком. |
| 316 ## - ПРИМЕЧАНИЯ ОБ ОСОБЕННОСТЯХ ЭКЗЕМПЛЯРА |
| Текст примечания |
Экз. РНБ (18.131.4.11) в сост. картон. пер., оклеен. бумагой, с ледериновым корешком и уголками. На нижней крышке пер. экслибрис РНБ с шифром. На корешке наклеен фрагмен кожан. корешка первоначал. пер. с блинтовым тиснение с позолотой, красной кожан. наклейкой с вытисн. золотом загл. (позолота почти полностью утрачена) и бумаж. наклейкой. На тит. л., с.33 и 252 круглый штамп ГПБ. |
| Организация и экземпляр, к которому относится поле |
NLR: 18.131.4.11 |
| 321 1# - ПРИМЕЧАНИЯ ОБ ОТДЕЛЬНО ИЗДАННЫХ УКАЗАТЕЛЯХ / РЕФЕРАТАХ / ССЫЛКАХ, ОТРАЖАЮЩИХ КАТАЛОГИЗИРУЕМЫЙ ДОКУМЕНТ |
| Примечания об указателях, рефератах, ссылках |
СК 1801-1825 5713 |
| 620 ## - МЕСТО И ДАТА ПУБЛИКАЦИИ, ИСПОЛНЕНИЯ И Т. Д. |
| Страна |
Москва |
| 702 #1 - ИМЯ ЛИЦА - ВТОРИЧНАЯ ОТВЕТСТВЕННОСТЬ |
| Начальный элемент ввода |
Решетников |
| Часть имени, кроме начального элемента ввода |
А. Г. |
| Дополнения к именам, кроме дат |
издатель |
| Даты |
18 в.-19 в. |
| Расширение инициалов личного имени |
Андрей Гордеевич |
| Идентификатор авторитетной/нормативной записи |
RU\NLR\AUTH\77104105 |
| Код отношения |
Печатник (типограф) |
| 702 #1 - ИМЯ ЛИЦА - ВТОРИЧНАЯ ОТВЕТСТВЕННОСТЬ |
| Начальный элемент ввода |
Ильин |
| Часть имени, кроме начального элемента ввода |
П. А. |
| Расширение инициалов личного имени |
Петр Алексеевич |
| Код отношения |
Книготорговец |
| 712 00 - НАИМЕНОВАНИЕ ОРГАНИЗАЦИИ - ВТОРИЧНАЯ ОТВЕТСТВЕННОСТЬ |
| Начальный элемент ввода |
Решетников, |
| Инверсированный элемент |
А. Г., |
| Часть наименования, отличная от начального элемента ввода и от инверсированного элемента |
типография |
| Идентифицирующий признак |
Москва |
| Идентификатор авторитетной/нормативной записи |
RU\NLR\AUTH\8810035690 |
| Код отношения |
Печатник (типограф) |
| 801 #0 - ИСТОЧНИК ЗАПИСИ |
| Страна |
Российская Федерация |
| Организация |
NLR |
| Правила каталогизации |
psbo |
| 801 #1 - ИСТОЧНИК ЗАПИСИ |
| Страна |
Российская Федерация |
| Организация |
ProSoft-M |
| Источник данных |
rusmarc |
| 852 ## - МЕСТОНАХОЖДЕНИЕ И ШИФР ХРАНЕНИЯ |
| Идентификатор организации |
NLR |
| Шифр хранения (Call Number) |
18.131.4.11 |
| 942 ## - ДОПОЛНИТЕЛЬНЫЕ ЭЛЕМЕНТЫ ЗАПИСИ (АБИС) |
| Тип экземпляра АБИС |
Книга |
| 980 ## - КОЛЛЕКЦИЯ |
| Название коллекции |
Национальная библиография |